MARC

LEADER 00000nam0a2200000 4500
001 369304
005 20231102012153.0
035 |a (RuTPU)RU\TPU\retro\26686 
035 |a RU\TPU\retro\26685 
090 |a 369304 
100 |a 20220518d1968 k y0rusy50 ca 
101 0 |a rus 
102 |a RU 
105 |a a z 001zy 
200 1 |a Растения мезозоя  |e [сборник трудов]  |f Академия наук СССР (АН СССР), Геологический институт (ГИН) ; гл. ред. А. В. Пейве 
210 |a Москва  |c Наука  |d 1968 
215 |a 88 с.  |c ил. 
225 1 |a Труды геологического института (ГИН)  |v Вып. 191 
320 |a Библиогр. в конце ст. 
606 1 |a Мезозой  |2 stltpush  |3 (RuTPU)RU\TPU\subj\41967  |9 61730 
610 1 |a растения 
610 1 |a папоротники 
610 1 |a меловые споры 
610 1 |a ископаемые 
610 1 |a Южная Америка 
610 1 |a таблицы 
610 1 |a цикадовые 
675 |a 551.76  |v 3 
702 1 |a Пейве  |b А. В.  |c российский ученый  |c геолог  |c академик АН СССР  |f 1909-1985  |g Александр Вольдемарович  |2 stltpush  |3 (RuTPU)RU\TPU\pers\13360  |4 651  |9 4015 
712 0 2 |a Академия наук СССР (АН СССР)  |b Геологический институт (ГИН)  |c (Москва)  |2 stltpush  |3 (RuTPU)RU\TPU\col\11354 
801 1 |a RU  |b 63413507  |c 20150211 
801 2 |a RU  |b 63413507  |c 20220518  |g RCR 
942 |c BK